Doppio ritratto /

I tiakina i:
Ngā taipitopito rārangi puna kōrero
Kaituhi matua: Giartosio, Tommaso (Author)
Hōputu: Pukapuka
Reo:Itāriana
I whakaputaina: Roma : Fazi, 1998
Rangatū:Le terre ; 15
Ngā marau:
Ngā Tūtohu: Tāpirihia he Tūtohu
Kāore He Tūtohu, Me noho koe te mea tuatahi ki te tūtohu i tēnei pūkete!

MARC

LEADER 00000nam a22000007i 4500
001 IT\ICCU\VIA\0067150
003 ItRI
005 20260115231939.0
008 980611s1998 it |||||| ||||| |||||c
020 |a 8881120763 
040 |b ita  |c importazione bologna sebina 
041 7 |a ita  |2 ISO-639-2 
100 1 |a Giartosio, Tommaso  |0 IT\ICCU\LO1V\154233  |4 aut 
245 1 0 |a Doppio ritratto /  |c Tommaso Giartosio. 
260 |a Roma :  |b Fazi,  |c 1998 
300 |a 233 p. ;  |c 20 cm. 
650 7 |a Alfieri, Vittorio  |2 scbi 
830 3 |a Le terre ;  |v 15  |0 IT\ICCU\RAV\0275083 
942 |2 ddc  |c BK  |n 0 
952 |0 0  |1 0  |4 0  |6 DOC_853_914000000000000_GIA  |7 0  |9 17464  |a BO  |b BO  |d 2026-01-15  |i 5449  |l 0  |o DOC 853.914 GIA  |p BO5449  |r 2026-01-15 23:19:39  |w 2026-01-15  |x [Sebina 5] [1 v.]  |y BK  |z 1 v. 
999 |c 14897  |d 14897